Construcción de un controlador numérico computarizado portátil y plegable, para la elaboración de prototipos de PCB en la Universidad Nacional de Ingeniería
Lo que se pretende con este proyecto, es que los estudiantes de la facultad de electrónica y computación de la universidad nacional de ingeniería de Nicaragua, puedan contar con un equipo portátil y plegable que permita un fácil transporte y manejo; además que facilite la elaboración de PCB p...
| Main Authors: | , |
|---|---|
| Other Authors: | |
| Format: | Tesis Section = Libro |
| Language: | Undetermined Spanish |
| Published: |
Managua
UNI
2023
|
| Subjects: |
| LEADER | 01454nam a2200277Ia 4500 | ||
|---|---|---|---|
| 008 | 240830s9999 xx 000 0 und d | ||
| 040 | |a BIBLIOTECA-RUSB/ Mon 621.381 P419 | ||
| 041 | |a spa | ||
| 082 | |a Mon 621.381 P419 | ||
| 100 | 1 | |a Peña Reyes, Julio Wilfredo | |
| 100 | 1 | |b Ruiz Murillo, Javier Antonio | |
| 245 | 1 | 0 | |a Construcción de un controlador numérico computarizado portátil y plegable, para la elaboración de prototipos de PCB en la Universidad Nacional de Ingeniería |
| 260 | |a Managua |b UNI |c 2023 | ||
| 300 | |a 77 p. :il. | ||
| 500 | |a Contiene: anexos y CD. | ||
| 502 | |a Tesis (Ingeniero Electrónico) - UNI, 2023. | ||
| 520 | 3 | |a Lo que se pretende con este proyecto, es que los estudiantes de la facultad de electrónica y computación de la universidad nacional de ingeniería de Nicaragua, puedan contar con un equipo portátil y plegable que permita un fácil transporte y manejo; además que facilite la elaboración de PCB para sus proyectos, ya que los costos de elaboración de PCB por métodos convencionales, específicamente para prototipo, resultan muy caros y tardados. | |
| 650 | 7 | |a CONTROLADOR NUMERICO COMPUTARIZADO | |
| 650 | 7 | |b MICROCONTROLADOR ARDUINO | |
| 650 | 7 | |c PROGRAMAS COMPUTACIONALES | |
| 650 | 7 | |d SISTEMAS ELECTRONICOS | |
| 650 | 7 | |e SEÑALES ELÉCTRICAS DIGITALES. | |
| 700 | 1 | |a Tutor: |b Dalla-Torre Parrales, Cedrick Elksnherr | |
| 942 | |c BK |2 ddc | ||
| 991 | |a TESIS | ||
| 999 | |c 27467 | ||